000 00731nam a2200181 i 4500
001 69329
003 ES-MaACL
005 20230906170508.0
007 t|
008 040705s1945 cu |||| | spa d
100 1 _aGarcía Bárcena, Rafael.
_954225
245 1 4 _aLos aforismos de Luz y Caballero /
_cRafael García Bárcena ; prólogo de la edición de los "Aforismos", que se han publicado en la Biblioteca de Autores Cubanos de la Editorial de la Universidad de La Habana.
260 _aLa Habana :
_b[Universidad de La Habana],
_c1945 (
_fImp. Ucar, García y Cía)
300 _a35 p. ;
_c23 cm.
600 1 4 _aLuz y Caballero, José de la.
_9141890
650 0 4 _aMáximas y aforismos.
_914865
852 _aES-MaACL
_j1700-F-19
999 _c69329
_d69329